Normal view
MARC view
- Cannio Enrico
Entry Personal Name
001 - CONTROL NUMBER
- control field: 12974
003 - CONTROL NUMBER IDENTIFIER
- control field: IT-RoPau
005 - DATE AND TIME OF LATEST TRANSACTION
- control field: 20140212095728.0
008 - FIXED-LENGTH DATA ELEMENTS
- fixed length control field: 140212|| aca||aabn | a|a d
040 ## - CATALOGING SOURCE
- Original cataloging agency: IT-RoPau
- Transcribing agency: IT-RoPau
100 ## - HEADING--PERSONAL NAME
- Personal name: Cannio Enrico
- Miscellaneous information: Codice autore testo/musica SPICS: 13705
- Relator term: Autore testo/musica
- Name of part/section of a work: 'O surdato 'nnammurato
670 ## - SOURCE DATA FOUND
- Source citation: Work cat.: (IT-RoPau)100022: AA.VV. 794, Meglio di Massimo Ranieri (Il)